000 00306nam a2200145Ia 4500
100 _aMueller / john Paul
250 _a2
942 _cBK
654 _aComputer
245 _aVisuals C++ 5
260 _bTata Mc Graw hill
_aNew Delhi
_c1997
082 _a5.133
_bMUE
300 _a704
546 _aENGLISH
999 _c27718
_d27718